• 首页
  • 本馆介绍
  • 公告通知
  • 最新文献
  • 馆藏检索
  • 电子资源
  • 读者导购
  • 参考咨询
  • 我的图书馆
  • 登录
  • 详细信息显示
  • 放入我的书架
  • 预约/预借图书
  • 作者相关作品
  • 分类相关作品
  • 丛书相关作品
  • 出版社相关作品

书目信息

  • 表格格式
  • 工作单格式
  • 卡片格式
题名:
国学常识
    
 
作者: 丹彤 主编
分册:  
出版信息: 南京   江苏科学技术出版社  2016
页数: 568页
开本: 24cm
丛书名:
单 册:
中图分类: Z126-49
科图分类:
主题词: 国学--普及读物
电子资源:
ISBN: 978-7-5537-4222-9
000 00827nam0 2200229 450
001 2898
005 20161207092445.85
010    @a978-7-5537-4222-9@dCNY68.00
100    @a20160405d2016 em y0chiy50 ea
101 0  @achi
102    @aCN@b320000
105    @aa z 000yy
200 1  @a国学常识@9guo xue chang shi@e精版@f丹彤主编
210    @a南京@c江苏科学技术出版社@d2016
215    @a568页@c图,照片@d24cm
300    @a中国传统文化知识大百科 凤凰含章 图解经典系列
330    @a本书精心挑选了1000个国学问题,介绍了国学名家、经史子集、名典名句、哲学思想、传统宗教等十个方面的国学知识,基本上囊括了所有国学最基础、最经典、国人最应该了解的知识点。
606 0  @a国学@j普及读物
690    @aZ126-49@v5
701  0 @a丹彤@9dan tong@4主编
801  0 @aCN@b大连网信软件有限公司图书馆·11@c20161207
905    @aZUCC@dZ126-49@e118
    
    国学常识:精版/丹彤主编.-南京:江苏科学技术出版社,2016
    568页:图,照片;24cm
    中国传统文化知识大百科 凤凰含章 图解经典系列
    
    ISBN 978-7-5537-4222-9:CNY68.00
    本书精心挑选了1000个国学问题,介绍了国学名家、经史子集、名典名句、哲学思想、传统宗教等十个方面的国学知识,基本上囊括了所有国学最基础、最经典、国人最应该了解的知识点。
●
相关链接 在E读中查询图书 在五车中查询图书 在当当中查询图书 在豆瓣中查询图书


正题名:国学常识     索取号:Z126-49/118         预约/预借

序号 登录号 条形码 馆藏地/架位号 状态 备注
1 911664   209116641   第二样本阅览室/ [索取号:Z126-49/118] 在馆    
2 911665   209116650   第三借阅区/ [索取号:Z126-49/118] 在馆    
3 911666   209116669   第三借阅区/ [索取号:Z126-49/118] 在馆    
4 911667   209116678   第三借阅区/ [索取号:Z126-49/118] 在馆    
5 911668   209116687   第三借阅区/ [索取号:Z126-49/118] 在馆    
唐山师范学院图书馆 欢迎您!
大连网信软件有限公司© 版权所有